000 00475nam a2200169Ia 4500
003 LK-CoDNM
008 010623t1928 xxu||||| |||| 00| 1 sin d
040 _aLK-CoDNM
_dLK-CoDNM
_eLK-CoDNM
041 _asin
080 _a104 M 5
100 _aPerera,Tiador.G
_eed.
245 _a4 පංතිය සඳහා භූමි ශාස්ත්‍රය
246 _aBhumi shastraya for Std.IV
260 _bLankatilaka
_aGampaha
_c1928
300 _b64p, 21 cm
942 _cBK
999 _c94263
_d94263